Obras / (Record no. 96184)

MARC details
000 -LEADER
campo de control de longitud fija 00908nam a2200205 i 4500
001 - NÚMERO DE CONTROL
campo de control 96184
003 - IDENTIFICADOR DE NÚMERO DE CONTROL
campo de control ES-MaACL
005 - FECHA Y HORA DE LA ÚLTIMA TRANSACCIÓN
campo de control 20230906181848.0
007 - CAMPO FIJO DE DESCRIPCIÓN FÍSICA--INFORMACIÓN GENERAL
campo de control de longitud fija t|
008 - DATOS DE LONGITUD FIJA--INFORMACIÓN GENERAL
campo de control de longitud fija 050613q1916 sp ||||1| spa d
080 ## - NÚMERO DE LA CLASIFICACIÓN DECIMAL UNIVERSAL
Número de la Clasificación Decimal Universal 821.133.1(493)-23"19"
100 1# - ENTRADA PRINCIPAL--NOMBRE DE PERSONA
Nombre de persona Maeterlinck, Maurice.
9 (RLIN) 75418
245 10 - MENCIÓN DEL TÍTULO
Título Obras /
Mención de responsabilidad, etc. de Maurice Maeterlinck; traducción de G. Martínez Sierra.
260 ## - PUBLICACIÓN, DISTRIBUCIÓN, ETC.
Lugar de publicación, distribución, etc. Madrid :
Nombre del editor, distribuidor, etc. Renacimiento,
Fecha de publicación, distribución, etc. [ca. 1916]
300 ## - DESCRIPCIÓN FÍSICA
Extensión 5 v. ;
Dimensiones 20 cm.
505 8# - NOTA DE CONTENIDO CON FORMATO
Nota de contenido con formato Contiene: I. La princesa Malena ; La intrusa ; Los ciegos (384 p.) -- II. Peleas y Melisanda ; Aladina y Palomides ; Interior ; La muerte de Tintagiles (272 p.) -- III. Aglavena y Seliseta ; Ariana y Bomba Azul ; Sor Beatriz (250 p.) -- IV. La sabiduría y el destino (302 p.) -- V. El templo sepultado (303 p.)
700 1# - ENTRADA AGREGADA--NOMBRE PERSONAL
Nombre de persona Martínez Sierra, Gregorio,
Fechas asociadas al nombre 1881-1947
9 (RLIN) 78429
852 4# - LOCALIZACIÓN
Ubicación ES-MaACL
Número de control de estantería C-6347-51
Holdings
Estatus retirado Estado de pérdida Estado de daño No para préstamo Biblioteca de origen Biblioteca actual Ubicación en estantería Fecha de adquisición Fuente de adquisición Total de préstamos Signatura topográfica completa Código de barras Visto por última vez Precio de reemplazo Tipo de ítem Koha
        Biblioteca del Ateneo de Madrid Biblioteca del Ateneo de Madrid Sala Palomar 17/01/2008     C-6347-51 1100423 23/02/2023 23/02/2023 Libro impreso